Statistics for Biggest Cities of Muslim-Controlled Spain and Portugal in 1200 AD

Click here to take the quiz!

General Stats

  • This quiz has been taken 182 times
  • The average score is 21 of 75

Answers on the Map

Answers color-coded by a green-red scale on the quiz's map according to % correct below.
 

Answer Stats

PopulationCities% Correct
150kIsbiliyyah
(Seville)
97%
21kBalansiyyah
(Valencia)
95%
60kGarnatah
(Granada)
92%
60kQurtubah
(Córdoba)
90%
20kMalaqah
(Málaga)
83%
23kMadinat Mayurqah
(Palma de Mallorca)
82%
11kMursiyyah
(Murcia)
78%
40kSabtah
(Ceuta)
75%
3kAl-Laqant
(Alicante)
64%
18kAl-Mariyyah
(Almería)
57%
17kQartagannah al-Halfa
(Cartagena)
55%
20kBatalyaws
(Badajoz)
54%
3kFarayyun
(Faro)
52%
16kMaridah
(Mérida)
50%
15kSaris
(Jerez de la Frontera)
50%
17kGayyan
(Jaén)
49%
3kSarisa
(Jerez de los Caballeros)
48%
3kWalbah
(Huelva)
39%
3kAls
(Elche)
32%
3kSatubar
(Setúbal)
28%
4kTarifah
(Tarifa)
28%
3kZawayyah
(Lagos)
27%
6kLurqah
(Lorca)
25%
5kMagunah
(Mahón)
25%
4kRundah
(Ronda)
25%
3kBayyah
(Beja)
23%
10kIstiggah
(Écija)
23%
10kBalis
(Vélez-Málaga)
22%
3kMutril
(Motril)
22%
5kAl-Bas
(Elvas)
21%
3kManaqur
(Manacor)
20%
4kTabirah
(Tavira)
20%
3kTuryalah
(Trujillo)
20%
7kUbbadah al-Arab
(Úbeda)
19%
9kBayyasah
(Baeza)
18%
7kSatibah
(Xàtiva)
18%
5kAntaqirah
(Antequera)
17%
3kSabigah
(Xàbia)
17%
5kUryulah
(Orihuela)
17%
5kAnduyar
(Andújar)
16%
3kSilb
(Silves)
16%
3kAwdarah
(Adra)
15%
3kRabitah Rutah
(Rota)
15%
3kWadi As
(Guadix)
15%
3kAl-Qanatir
(El Puerto de Santa María)
14%
3kAqilah
(Águilas)
14%
4kBastah
(Baza)
14%
4kLatrayrah
(Utrera)
14%
3kQarmunah
(Carmona)
14%
3kQatarsanah
(Aracena)
14%
3kUsunah
(Osuna)
14%
6kArqus
(Arcos de la Frontera)
13%
6kBayyanah
(Baena)
13%
4kMarlah
(Morella)
13%
3kQarabaqah
(Caravaca de la Cruz)
13%
3kFalyan
(Hellín)
12%
3kQartiyyah
(San Roque)
12%
3kQilirah
(Cullera)
12%
3kIlirinah
(Llerena)
11%
5kIstabbah
(Estepa)
11%
4kMartus
(Martos)
11%
3kMawrur
(Morón de la Frontera)
11%
4kRiqanah
(Requena)
11%
3kLiriyyah
(Llíria)
10%
3kMadinat al-Hadrah
(Burriana)
10%
5kQaturlah
(Cazorla)
10%
4kYazirat al-Suqr
(Alzira)
10%
3kIsqurb
(Segorbe)
9%
3kNabrisah
(Lebrija)
9%
3kQabrah
(Cabra)
9%
3kQal'at Aryunah
(Arjona)
9%
3kBulay
(Aguilar de la Frontera)
8%
3kBurj as-Hanas
(Bujalance)
8%
3kMuntifirid
(Montefrío)
8%
3kYurnaqus
(Hornachos)
8%

Score Distribution

Percentile by Number Answered

Percent of People with Each Score

Your Score History

You have not taken this quiz